000 00356nam a2200157Ia 4500
008 221030s9999 xx 000 0 und d
020 _a8182090385
041 _aEnglish
082 _a105.23
100 _a-
245 0 _a100 English Competency Tests
_cby -
260 _bVijay Nicole
_aChennai
_c2004
300 _a108
650 _aEnglish
942 _cBK
999 _c5809
_d5809